The North Pole. By Robert E. Peary: With an Introduction by Theodore Roosevelt. One hundred and sexteen illustrations from photographs
Salvato in:
| Autore principale: | |
|---|---|
| Natura: | Libro |
| Lingua: | inglese |
| Pubblicazione: |
Londres
Hodder and Stoughton
1910
|
| Edizione: | 1a. ed |
| Soggetti: | |
| Tags: |
Aggiungi Tag
Nessun Tag, puoi essere il primo ad aggiungerne!!
|
MARC
| LEADER | 00000nam a2200000 a 4500 | ||
|---|---|---|---|
| 001 | UCJ5356 | ||
| 003 | CL-VaPUC | ||
| 008 | 070124e19100312UK |||||||||||||||||eng|d | ||
| 082 | 0 | 4 | |a 910.4 |b PEA |2 21 |
| 100 | |a Peary, Robert Edwin |e author |9 509272 | ||
| 245 | 1 | 4 | |a The North Pole. By Robert E. Peary: With an Introduction by Theodore Roosevelt. One hundred and sexteen illustrations from photographs |
| 250 | |a 1a. ed | ||
| 300 | |a xii, 326 p | ||
| 942 | |c BK | ||
| 945 | |d 20070124 00:00:00 |a rinostro | ||
| 260 | |a Londres |b Hodder and Stoughton |c 1910 | ||
| 500 | |a Front., fotografía de Robert E. Peary; mapa de las regiones árticas, plegado, en millas estatutas, numerosas fotografías de miembros de la expedión, la nave, paisajes árticos, etc. | ||
| 650 | 0 | |a Viajes |9 257115 | |
| 650 | 7 | |a ESQUIMALES |2 CL-VaPUC |9 441373 | |
| 650 | 0 | |a Cultura |9 269059 | |
| 650 | 0 | |a Etnografía |9 309735 | |
| 650 | 0 | |a Mapas |9 260844 | |
| 650 | 0 | |a Ilustraciones |9 369481 | |
| 650 | 0 | |a Iconografía |9 267998 | |
| 650 | 7 | |a FAUNA |2 CL-VaPUC |9 349523 | |
| 650 | 7 | |a PERROS ESQUIMALES |2 CL-VaPUC |9 505670 | |
| 651 | 7 | |a REGION ARTICA |2 CL-VaPUC |9 366377 | |
| 651 | 7 | |a POLO NORTE |2 CL-VaPUC |9 310897 | |
| 583 | |a last modification |c 20070124 00:00:00 |k Rodrigo Vera | ||
| 999 | |c 321465 |d 321463 | ||
| 952 | |0 0 |1 0 |4 0 |6 910_400000000000000_PEA_1910 |7 0 |8 X |9 400219 |a FDOBUD |b FDOBUD |d 2019-11-22 |i 1033654 |o 910.4 PEA 1910 |p 1033654 |r 2019-11-22 |w 2019-11-22 |y BK_X |k BUD | ||